[Event "Mario Covas 4th"]
[Site "Santos"]
[Date "2004.07.31"]
[Round "1"]
[White "Matsuura, Everaldo"]
[Black "Morovic Fernandez, Ivan"]
[Result "1/2-1/2"]
[WhiteElo "2490"]
[BlackElo "2573"]
[Annotator "Ribli,Z"]
[PlyCount "114"]
[EventDate "2004.07.31"]
[EventType "tourn"]
[EventRounds "9"]
[EventCountry "BRA"]
[EventCategory "11"]
[SourceTitle "CBM 103"]
[Source "ChessBase"]
[SourceDate "2004.11.11"]
[SourceVersion "1"]
[SourceVersionDate "2004.11.11"]
[SourceQuality "1"]

1. e4 c5 2. Nf3 e6 3. d4 cxd4 4. Nxd4 Nc6 5. Nc3 a6 6. Be2 {Dieser Zug ist
nicht schlecht, die gewönliche Fortsetzung ist aber 6.Nxc6 bxc6 7.Bd3.} Qc7 7.
O-O Nf6 8. Be3 Bb4 {Dieser Zug hat selbstständige Bedeutung, mit 8...d6 konnte
Schwarz die Scheweninger Variante wählen.} 9. Na4 Be7 {Der Läufer verlässt b4
wieder. Dieser Zug ist heutzutage beliebter als die alte Fortsetzung 9...0-0.}
(9... O-O 10. Nxc6 bxc6 11. Nb6 Rb8 12. Nxc8 Rfxc8 13. Bxa6) 10. c4 Nxe4 {
Das ist die prinzipielle Fortsetzung - Schwarz muss den Bauern nehmen, weil er
sich sonst in einer passiven Stellung ohne besondere Gegenchancen wiederfindet.
} 11. c5 O-O 12. Rc1 Rb8 $5 (12... Rd8 13. Qb3 $5 Rb8 14. Rfd1 d5 15. cxd6 Bxd6
16. Bf3 $1 Nxd4 17. Rxd4 Bxh2+ $8 18. Kf1 Qxc1+ 19. Bxc1 Rxd4 20. Bxe4 $16 {
Shirov,A-Leko,P/Frankfurt (rapid) 1996/Inf 67/[Shirov,A] (20)}) (12... f5 13.
f4 Rb8 14. Bf3 Nf6 15. Kh1 Kh8 16. b3 Rd8 17. Qe2 $44 {1-0 Visweswaran,K-Hasan,
M/Dhaka BAN 2004/(42)}) 13. g3 Nf6 (13... g6 14. Qc2 Nf6 15. Rfd1 Nd5 16. Bh6
Rd8 17. Bf3 Bf6 18. Nb3 b5 19. cxb6 Nxb6 20. Nac5 Be7 21. Nxd7 Bxd7 22. Bxc6
Bxc6 23. Rxd8+ Qxd8 24. Qxc6 $11 {1/2-1/2 Prasad,D-Fominyh,A/Chalapathi GM,
Guntur, AP IND 2000 (31).}) 14. Bf3 g6 {Mit diesem prophylaktischen Zug
bereitet Schwarz 15...e5 vor und verteidigt sich gegen 16.Nf5.} 15. Nb6 (15.
Qb3 $6 e5 16. Ne2 d5 $15) 15... Rd8 16. Qb3 $146 {[%mdl 4] Weiss bringt die
Dame ins Spiel und droht 17.R fd1 mit Druck am Damenflügel. Schwarz hat einen
Bauern mehr, aber Probleme mit der Entwicklung des c8-Läufers. Hierzu möchte
ich anmerken, dass mir dieser Damenzug keineswegs besser erscheint als 16.Qa4,
was eigentlich die Hauptfortsetzung in der 10.c4-Variante darstellt.} (16. Qa4
e5 17. Nb3 d5 18. cxd6 Rxd6 19. Na5 e4 (19... Bh3 20. Rfe1 Re6 21. Bxc6 bxc6
22. Rxc6 Rxc6 23. Nxc6 Qb7 24. Rc1 Bd8 25. Qh4 Bxb6 26. Bxb6 Nd5 27. Qxh3 Rc8
28. Qxc8+ Qxc8 29. Ne7+ Nxe7 30. Rxc8+ Nxc8 31. Bc5 {1-0 Agnos,D-Halkias,S/
Poros 1998/EXT 99 (67) Ribli:}) 20. Bxe4 Nxe4 21. Qxe4 (21. Nxc6 Rxc6 22. Qxe4
Bf5) 21... Bh3 22. Rfe1 Re6 23. Qf4 Qxf4 24. Bxf4 {1/2-1/2 Shirov,
A-Kasimdzhanov,R/Wijk aan Zee 1999/CBM 69/[Ribli] (24)}) 16... e5 17. Ne2 d6 {
Wegen 16.Qb3 kann Schwarz nicht 17...d5 spielen, sodass er sich hier mit 17...
d6 befreien muss.} (17... e4 18. Bg2 d5 19. cxd6 Bxd6 20. Nxc8 Rdxc8 {Nach 20..
.R bc8 kommt 21.Bb6 mit Qualitätsgewinn.} 21. Nc3 Re8 22. Rfd1 $44) 18. cxd6 (
18. Bd5 Bh3 (18... Nxd5 $6 {Dieser Zug hilft dem Gegner, da der b6N ins Spiel
kommen kann.} 19. Nxd5 Qd7 20. Rfd1 Qe6 (20... Kg7 21. cxd6 Bxd6 22. Bg5 Rf8
23. Qe3 $16) 21. cxd6 Rxd6 (21... Bxd6 22. Bg5 $16) 22. Bc5 Rxd5 23. Rxd5 Bxc5
24. Rcxc5 $14 (24. Rdxc5 Qxb3 25. axb3 Be6 $11)) (18... Bf8 19. Bg5 Bg7 20. f4
dxc5 21. Rxc5 Bh3 22. Rfc1 $44) 19. Bxf7+ Kg7 $13) 18... Rxd6 (18... Bxd6 19.
Bg5 Be6 20. Nd5 Bxd5 21. Bxd5 $44) 19. Bc5 Rd8 $15 {Weiss hat einigen
positionellen Druck für den Bauern, aber sonst nichts Konkretes.} (19... Rd2
20. Bxe7 (20. Be3 Be6 $17) (20. Nc4 Be6 21. Qe3 Bxc5 22. Qxd2 e4 $44) 20...
Qxe7 21. Nc4 Be6 22. Qe3 Rd7 23. Nxe5 Nxe5 24. Qxe5 Re8 $11) 20. Nxc8 (20. Nd5
Nxd5 21. Bxd5 Bxc5 22. Rxc5 Bg4 $15) 20... Bxc5 $1 (20... Rdxc8 21. Ba7 Ra8 22.
Bb6 $44) 21. Rxc5 Rbxc8 {Nach den Vereinfachungen konnte Schwarz seinen
Plusbauern halten, die weisse Kompensation ist fraglich.} 22. Bxc6 bxc6 23.
Rfc1 {[%cal Gc1c8] Die schwarze Bauernstruktur ist zwar geschwächt, aber er
hat immer noch einen Bauern mehr.} Rd5 (23... Rd2 $6 24. Qf3 Qd8 25. Rxc6 Rxc6
26. Rxc6 $11) 24. Qc2 (24. Qa4 Rxc5 25. Rxc5 Nd7 $15) 24... Rxc5 25. Qxc5 Kg7
26. b4 Nd7 27. Qe7 Nf6 28. Qxc7 $6 {Ich glaube, es wäre besser für Weiss
gewesen, die Damen auf dem Brett zu halten. Jetzt geht die Partie in ein
technisches Endspiel über, in dem Weiss Schwierigkeiten hat.} (28. Qc5 $15)
28... Rxc7 29. Rc5 {[%cal Gc5a5,Gc5e5][%mdl 4096]} Nd7 30. Ra5 c5 31. bxc5 (31.
a3 Rc6 $17) 31... Nxc5 32. Nc3 Nd3 (32... Nb3 33. axb3 Rxc3 34. Rxa6 (34. Rxe5
Rxb3 35. Re8 (35. Ra5 Rb6 $17) 35... a5 36. Ra8 Rb1+ 37. Kg2 Ra1 $15) 34...
Rxb3 $15) 33. Ra3 (33. Nd5 Rc5 34. Rxc5 Nxc5 $17) 33... f5 $17 {[%cal Gg7f7,
Gf7e6] Die schwarzen Figuren stehen aktiv und er hat eine gesunde
Bauernmehrheit am Königsflügel.} 34. f3 Rc6 35. Kf1 Kf7 36. Ke2 Nc5 (36... Nb4
$5 {[%cal Gb4c2,Gc2d4]} 37. Rb3 (37. Ra4 Nc2 $17) 37... Nc2 (37... Nxa2 38.
Nxa2 Rc2+ 39. Ke3 Rxa2 $17) 38. Kd3 Nd4 39. Rb7+ Ke6 40. f4 Nf3 $17) 37. Nd5
Ke6 38. Nb4 Rb6 39. Nd3 Nd7 (39... Nxd3 40. Kxd3 g5 41. Ra5 $15) 40. h4 Kd6 41.
Ra5 {[%csl Ga5][%cal Ga5a6,Ga5h5] Der aktive Turm auf a5 kontrolliert sowohl
den a6-Bauern als auch die Bauern am Königsflügel.} Ke6 42. Ke3 Kd6 43. Ke2 {
Weiss hat sein Maximum an Aktivität erreicht. Da er jetzt seine Stellung nicht
weiter verbessern kann, verfolgt er die Abwartestrategie.} h6 44. Ke3 g5 45.
hxg5 hxg5 46. Ke2 e4 $6 {Dieser Zug scheint natürlich, schwächt aber die
schwarze Bauernstruktur und führt eigentlich zu forciertem Remis.} (46... f4
47. gxf4 gxf4 48. Kd2 $17) 47. fxe4 fxe4 48. Nf2 Nc5 49. Ke3 Rb4 50. Nh3 g4 51.
Nf2 {[%csl Rg4][%cal Rf2g4]} Rc4 52. Nxg4 $11 {Weiss hat das materielle
Gleichgewicht wiederhergestellt, die Stellung ist nun ausgeglichen.} Rc3+ 53.
Kd4 Rd3+ 54. Kc4 Rxg3 55. Rxc5 Rxg4 56. Ra5 Rg3 57. Kd4 (57. Rxa6+ $6 Ke5)
57... e3 1/2-1/2

[Event "RUS-ch"]
[Site "Elista"]
[Date "1995.??.??"]
[Round "3"]
[White "Korneev, Oleg"]
[Black "Tunik, Gennady"]
[Result "0-1"]
[WhiteElo "2605"]
[BlackElo "2515"]
[Annotator "Ribli,Z"]
[PlyCount "48"]
[EventDate "1995.10.??"]
[EventType "swiss"]
[EventRounds "11"]
[EventCountry "RUS"]
[SourceTitle "CBM 050"]
[Source "ChessBase"]
[SourceDate "1996.02.01"]
[SourceVersion "1"]
[SourceVersionDate "1996.02.01"]
[SourceQuality "1"]

1. e4 c5 2. Nf3 Nc6 3. d4 cxd4 4. Nxd4 e6 5. Nc3 a6 6. Be3 Qc7 7. Be2 Nf6 8.
O-O Bb4 9. Na4 Be7 $5 (9... O-O 10. Nxc6 bxc6 11. c4 $5 Be7 12. Bf3 $1 d6 13.
c5 d5 14. Nb6 Rb8 15. Qa4 $14 {Hazai,L-Fogarasi,T/Budapest/1992/INF58,(222)/})
10. c4 $5 {Weiss will die Initiative durch ein Bauernopfer besitzen.} Nxe4 11.
c5 O-O 12. Rc1 Rd8 13. Bf3 Nf6 14. g3 g6 15. Nb6 Rb8 16. Qa4 e5 17. Nb3 d5 18.
cxd6 Rxd6 19. Na5 Bh3 $5 {Eine Neuerung} (19... Bd7 $6 20. Nxd7 Qxd7 21. Bxc6
bxc6 22. Bc5 Re6 23. Rfd1 Qe8 24. Bxe7 Qxe7 25. Nxc6 Qe8 26. Qxa6 $14 {Kamsky,
G-Karpov,A/Buenos Aires/1994/CBM44/INF62,195/}) (19... e4 20. Bg2 Bf5 21. Nac4
Rd3 22. Bf4 Qd8 23. Bxb8 Qxb8 24. Ne3 (24. Rfd1 $5) 24... Qe5 25. Nbc4 Qe6 $44
{Piket}) 20. Rfe1 Re6 21. Nxc6 (21. Nxb7 Rxb7 (21... e4 22. Na5 exf3 23. Nxc6
$36) 22. Rxc6 Rxc6 23. Qxc6 Qxc6 24. Bxc6 Rc7 $10) (21. Bxc6 bxc6 22. Rxc6 Rxc6
23. Nxc6 (23. Qxc6 Qd8 $13) 23... Rxb6 24. Bxb6 Qxb6 25. Nxe7+ Kg7 $13) 21...
bxc6 22. Bxc6 Qd8 (22... Rxb6 23. Bg2 $1 Qb8 24. Bxh3 $18) 23. Qxa6 Ng4 24. Nd5
$4 (24. Red1 Rxc6 $5 25. Rxd8+ Rxd8 $44) 24... Qxd5 0-1

[Event "Moscow Aeroflot op-A"]
[Site "Moscow"]
[Date "2003.02.19"]
[Round "9"]
[White "Bologan, Viktor"]
[Black "Granda Zuniga, Julio E"]
[Result "1-0"]
[WhiteElo "2630"]
[BlackElo "2623"]
[Annotator "Ribli,Z"]
[PlyCount "63"]
[EventDate "2003.02.10"]
[EventType "swiss"]
[EventRounds "9"]
[EventCountry "RUS"]
[SourceTitle "CBM 094"]
[Source "ChessBase"]
[SourceDate "2003.05.26"]
[SourceVersion "1"]
[SourceVersionDate "2003.05.26"]
[SourceQuality "1"]

{[%mdl 2]} 1. e4 c5 2. Nf3 Nc6 3. d4 cxd4 4. Nxd4 e6 5. Nc3 Qc7 6. Be2 a6 7.
O-O Nf6 8. Be3 Bb4 {Das ist die prinzipielle Fortsetzung, aber statt 8...Bb4
kann Schwarz mit 8...d6 die Scheweninger Variante spielen.} 9. Na4 Bd6 {
Dieser Zug wird relativ selten gespielt - die gewoehnlichen Zuege sind 9...0-0
und 9...Be7, was eigentlich die Hauptvariante ist.} 10. g3 Nxe4 $6 {Dieser Zug
hat keinen gute Ruf - es ist wahr, dass Schwarz einen Bauern gewinnt, aber der
Gegner bekommt mehr als ausreichende Kompensation.} (10... b5 11. Nb6 Rb8 12.
Nxc8 Rxc8 13. a4 Nxd4 14. Bxd4 e5 15. Be3 Bc5 $11) 11. Bf3 (11. c4 O-O 12. c5
Nxc5 13. Nxc5 Bxc5 14. Nxc6 Qxc6 15. Rc1 b6 16. Bf3 d5 17. b4 {1-0 Stankovic,
M-Mladenovic,J/Budva 2002/EXT 2003 (31)}) 11... Nf6 (11... f5 12. Bxe4 fxe4 13.
Nxc6 Qxc6 14. Nb6 Rb8 15. Qh5+ g6 16. Qh6 Be5 17. Bf4 Bxf4 18. Qxf4 d6 (18...
Qxb6 19. Qxb8 O-O 20. Qe5 d6 21. Qxe4 Qxb2 22. Qd3 d5 23. Qb3 Qf6 24. Rae1 Bd7
25. f4 Qd4+ 26. Qe3 Qxe3+ 27. Rxe3 Rc8 {(73.). 1/2-1/2 Neukirch,D-Moehring,G/
Zinnowitz 1965/EXT 2001 (64)}) 19. Nxc8 Rxc8 20. Qf6 {1-0 Smejkal,J-Spassov,L/
Oerebro 1966/EXT 2000 (53)}) 12. Nb6 $146 {Dieser Zug scheint mir noch stärker
als 12.c4, wonach Weiß auch gute Kompensation fuer den Bauern hat.} (12. c4 O-O
13. c5 Be7 14. Rc1 Rb8 15. Re1 Ne5 16. Bf4 Nxf3+ 17. Nxf3 {1-0 Mullon,
J-Beshukov,S/Cappelle la Grande 2000/CBM 74 ext (17)}) 12... Rb8 (12... Qxb6 $2
13. Nxe6 Qb5 14. Nxg7+ Ke7 15. a4 Qa5 16. Re1 Be5 17. Nf5+ Kd8 18. Bxc6 bxc6
19. Bd4 Re8 (19... Bxd4 20. Qxd4 Qxf5 21. Qb6#) 20. b4 Qc7 21. Nh6 $18) 13.
Nxc6 bxc6 (13... dxc6 $2 14. Nc4 $18) 14. Nc4 {[%mdl 4]} Be7 (14... Be5 15.
Nxe5 Qxe5 16. Bf4 Qxb2 17. Bd6 $1 {[%csl Gd6]} (17. Bxb8 Qxb8 18. Rb1 $13)
17... Rb7 18. Rb1 Qxb1 19. Qxb1 Rxb1 20. Rxb1 Kd8 21. c4 Ne8 (21... c5 22. Rb8
Ne8 23. Bxc5 Kc7 24. Ra8 Nf6 25. Ra7+ Kb8 (25... Kd8 26. Bd6 Ne8 27. c5 $18)
26. Bb6 $16) 22. c5 $16) 15. Bf4 {[%csl Yd6][%cal Rf4b8]} Qa7 16. Nd6+ $1 (16.
Bxb8 Qxb8 $44 {[%cal Gd7d5]}) 16... Kf8 17. c4 $44 {[%csl Ra7,Rb8,Rc8,Gd6,Gf3,
Gf4,Rf8] Weiß hat nur einen Bauern weniger und der Gegner kann nicht rochieren
und alle seine Figuren stehen sehr passiv. Die weiße Kompensation ist (weit)
mehr als ausreichend.} Ne8 {Dieser Zug sieht nicht schoen aus, aber es gibt
kaum eine andere Moeglichkeit fuer Schwarz.} 18. Nxe8 Kxe8 19. Bxb8 Qxb8 20.
Rb1 $16 {[%cal Gb2b4] Schwarz hat nur einen Bauern fuer die Qualitaet und
seine Figurenkoordination ist schlecht.} c5 21. a3 a5 (21... f5 22. b4 cxb4 23.
axb4 Bxb4 24. Qd4 (24. Qa4 a5 25. Qxa5 Qxg3+ 26. hxg3 Bxa5 27. Rb8 Kd8 28. c5
$16) 24... Kf8 25. c5 a5 26. Rbc1 $16) 22. Qa4 Qc7 23. Rfd1 f5 {[%cal Ge8f7]
Mit diesem Zug kann Schwarz auf f7 fuer seinen Koenig ein Schlupfloch machen.}
24. Rd3 Kf7 25. Qb5 (25. Rbd1) 25... Bf6 26. Rbd1 {Droht 27.Rxd7+ mit
sofortigem Gewinn.} Rd8 27. Rd6 Bd4 (27... Be5 $142 28. Rb6 $16) 28. R1xd4 $1 {
Weiß gibt die Qualitaet zurueck und bekommt die ueberlegene Stellung.} cxd4 29.
c5 e5 {Schwarz verteidigt den d4-Bauern, aber seine Koenigsstellung ist
geschwaecht.} (29... h6 30. Qc4 Bb7 (30... d3 31. b4 axb4 32. axb4 d2 33. Qd4
$18 {[%cal Rd4d2]}) 31. Bxb7 Qxb7 32. Qxd4 $18) 30. Qc4+ Ke7 (30... Kf8 31. Bh5
g6 32. Bxg6 hxg6 33. Rf6+ Kg7 34. Qf7+ Kh8 35. Rxg6 $18) 31. Qd5 $18 {[%csl
Gd5,Gd7,Re5,Re7][%mdl 128]} Re8 32. Qxe5+ (32. Qxe5+ Kf8 (32... Kd8 33. Qxd4
$18) 33. Rf6+ gxf6 34. Qxc7 $18) 1-0

[Event "Mario Covas 4th"]
[Site "Santos"]
[Date "2004.08.04"]
[Round "5"]
[White "Zambrana, Oswaldo"]
[Black "Morovic Fernandez, Ivan"]
[Result "1/2-1/2"]
[WhiteElo "2472"]
[BlackElo "2573"]
[Annotator "Ribli,Z"]
[PlyCount "49"]
[EventDate "2004.07.31"]
[EventType "tourn"]
[EventRounds "9"]
[EventCountry "BRA"]
[EventCategory "11"]
[SourceTitle "CBM 103"]
[Source "ChessBase"]
[SourceDate "2004.11.11"]
[SourceVersion "1"]
[SourceVersionDate "2004.11.11"]
[SourceQuality "1"]

1. e4 c5 2. Nf3 e6 3. d4 cxd4 4. Nxd4 Nc6 5. Nc3 a6 6. Be2 Qc7 7. Be3 Nf6 8.
O-O Bb4 9. Na4 Be7 {Grossmeister Morovic spielt diese Variante gern, so
spielte er auch in der ersten Runde dieses Turniers, wo der Gegner 10.c4
gespielt hat.} (9... O-O 10. Nxc6 bxc6 11. Nb6 Rb8 12. Nxc8 Rfxc8 13. Bxa6 Rf8
14. Bd3 Bd6 15. f4 e5 16. f5 Rxb2 {siehe Anmerkung zum 14.Zug.}) 10. Nxc6 {
Das ist die prinzipielle Fortsetzung.} bxc6 11. Nb6 Rb8 12. Nxc8 Rxc8 {Aber
dieser Zug ist sehr ungewöhnlich! Die populärere Variante ist 12...Qxc8 13.Bd4
usw.} 13. Bxa6 Rb8 14. Bd3 Rxb2 {Eine ähnliche Stellung kann über die Variante
9...0-0 10.Nxc6 bxc6 11.Nb6 R b8 12.Nxc8 R fxc8 13.Bxa6 R f8 (13...R d8) 14.
Bd3 Bd6 15.f4 e5 16.f5 Rxb2 erreicht werden.} 15. Bd4 {Weiss hat das
Läuferpaar und Entwicklungsvorteil, weiterhin kann sein a-Bauern sehr stark
werden. Anderseits gibt es keine Schwächung in der schwarzen Stellung und
seine Bauernmasse im Zentrum besitzt ebenfalls eine potenzielle Stärke.} (15.
a4 $5 O-O 16. Qf3 (16. a5 $5 c5 17. a6 c4 (17... d5 $142) 18. e5 Nd5 (18...
cxd3 $142 19. exf6 Bxf6 20. cxd3 d5 21. Qa4 $14) 19. Bd4 Rb5 20. Be4 Ra8 21.
Qe2 $16 g6 22. g3 Qc6 23. a7 Bd8 24. Rfb1 Bc7 25. Rxb5 Qxb5 26. Bxd5 Qxd5 27.
c3 $18 {Sokolov,A-Landenbergue,C/Geneve 84/151 2002/[Sokolov,And] (27)}) 16...
Qa5 (16... Ra8 17. Bd2 d5 18. Bc3 Rbb8 19. Rfe1 h6 20. exd5 Nxd5 21. Qe4 Nf6
22. Be5 $14 {1-0 Gallagher,J-Landenbergue,C/SUI 2001/EXT 2002 (43)}) 17. Bd4
Rbb8 18. Qg3 c5 19. Be5 Rbc8 20. Bb5 d6 21. Bc3 Qc7 22. Rad1 Rfd8 23. Ba1 {
1/2-1/2 Dutreeuw,M-Landenbergue,C/Plovdiv BUL 2003/(23)}) 15... Rb8 16. e5 Nd5
17. c4 Nf4 {[%mdl 4] Das ist eine (vorbereitete) Neuerung des schwarzen
Spielers. Anmerken möchte ich, dass Schwarz auch nach 17...Nb4 18.Be4 Na6 gute
Ausgleichschancen hat.} (17... Nb4 18. Be4 c5 (18... Na6 $5 $132 {[%csl Yc5]
[%cal Ga6c5] mit der Idee 19...Nc5, womit der Springer einen ausgezeichneten
Blockadeplatz bekommt - Sokolov,And}) 19. Bc3 Nc6 20. f4 Nd4 21. a4 g6 $6 (
21... O-O $5 {/\ d6}) 22. a5 O-O 23. a6 Qa7 $6 (23... Nc6 24. Qa4 $1 $16) 24.
Bb7 $1 f6 25. Rb1 fxe5 26. fxe5 Rxf1+ 27. Qxf1 Rf8 28. Qe1 Bd8 29. Ba5 $1 $18 {
1-0 Beliavsky,A-Damjanovic,M/Alicante 25/401 1978/[Cabrilo,G] (38)}) 18. Be4
O-O 19. Qc2 (19. a4 Qa5 $11 {[%csl Ga5]} (19... c5 20. Bc3 d5 21. exd6 {
21.cxd5? exd5 22.Bxd5?? geht nicht wegen 22...Rbd8.} Bxd6 22. a5 f5 23. Bf3 e5
24. Bd5+ Kh8 25. a6 $16)) 19... Ng6 20. Rad1 (20. f4 f5 21. exf6 Bxf6 22. Bxf6
Rxf6 $11) 20... d6 $11 (20... Nxe5 $2 21. Bxh7+ Kh8 22. Qc3 $1 {[%cal Rc3g7,
Rc3h3]} Ng4 23. Bxg7+ Kxh7 24. Qh3+ Kxg7 25. Qxg4+ Kh7 (25... Kf6 26. Qh4+ Kg7
27. Qxe7 $18) 26. Rd3 $18 {[%cal Rd3h3,Rh3h7]}) 21. exd6 (21. f4 Rfd8 $11)
21... Bxd6 22. g3 c5 23. Bc3 Be5 {[%mdl 32] Auf diese Weise kann Schwarz kann
die schwarzfeldrigen Läufer tauschen, wonach das d4-Feld ein positionelles
Loch in der weissen Stellung wird.} 24. Rb1 Bxc3 25. Bxg6 (25. Qxc3 Qe5 26. Qc2
f5 27. Bg2 $11) (25. Bxg6 hxg6 26. Qxc3 Qc6 $11) 1/2-1/2

[Event "EU-chT (Men) 13th"]
[Site "Leon"]
[Date "2001.11.11"]
[Round "6.3"]
[White "Azarov, Sergei Nikolaevich"]
[Black "Banikas, Hristos"]
[Result "1-0"]
[WhiteElo "2490"]
[BlackElo "2526"]
[Annotator "Ribli,Z"]
[PlyCount "81"]
[EventDate "2001.11.06"]
[EventType "team-swiss"]
[EventRounds "9"]
[EventCountry "ESP"]
[SourceTitle "CBM 086"]
[Source "ChessBase"]
[SourceDate "2002.02.05"]
[SourceVersion "1"]
[SourceVersionDate "2002.02.05"]
[SourceQuality "1"]
[WhiteTeam "Belarus"]
[BlackTeam "Greece"]
[WhiteTeamCountry "BLR"]
[BlackTeamCountry "GRE"]

1. e4 c5 2. Nf3 e6 3. d4 cxd4 4. Nxd4 Nc6 5. Nc3 Qc7 6. Be2 a6 7. O-O Nf6 8.
Be3 {Das ist der klassische Aufbau gegen die Taimanov-Paulsen Variante.} Bb4 {
Wenn Schwarz nicht die Scheveninger Variante spielen möchte, dann ist das die
beste Fortsetzung. Schwarz möchte die weiße Zentrumsaufstellung stören, aber
das ist nur der Anfang der langen theoretischen Hauptvariante.} 9. Na4 Be7 10.
Nxc6 bxc6 11. Nb6 Rb8 12. Nxc8 Qxc8 13. Bd4 {Heutzutage spielt man diesen
Läuferzug - eine Idee des russischen Großmeisters Dolmatov. Früher war 13.e5
Nd5 14.Bc1 Bc5 die Hauptvariante.} c5 14. Be5 Rb6 15. b3 (15. Qd3 d6 16. Bc3
O-O 17. b3) 15... Nxe4 {Dieser zweischneidige Zug ist die beste Möglichkeit
für Schwarz - er beschäftigt sich nicht mit der Verteidigung des g7-Bauern und
nimmt den wichtigen Zentrumsbauern auf e4.} (15... O-O 16. Bd3 d6 17. Bb2 Nd7
18. f4 Bf6 19. Bxf6 Nxf6 20. Qe2 $14 {So wurde gespielt in der Grundpartie der
Variante 13.Bd4 - Dolmatov,S - Tunik,G RUS 1998.}) 16. Bxg7 Rg8 17. Be5 (17.
Bb2 Rd6 $1 $132 (17... Bf6 18. Bxf6 Nxf6 19. Bf3 $14)) 17... Bd6 18. Bg3 $5 (
18. Bxd6 Rxd6 19. Bd3 Qc6 20. f3 Nf6 21. Qe2 Ke7 (21... h5 22. f4 Rd4 23. f5
Rdg4 24. Rf2 Ne4 25. Bxe4 Qxe4 26. Qxe4 Rxe4 27. Rd1 d5 28. Kf1 Ke7 29. Rd3 {
1/2-1/2 Palac,M-Rodriguez Guerrero,E/Lorca ESP 2001/(29)}) (21... Qd5 22. Kh1
Qh5 23. Rae1 Qh6 24. f4 Nh5 25. Qf3 Ng3+ 26. Kg1 Nxf1 27. Qa8+ Ke7 28. Qxg8
Qxh2+ 29. Kxf1 Qxf4+ 30. Ke2 Qe5+ 31. Kd2 Rxd3+ 32. cxd3 Qb2+ {1/2-1/2 Korneev,
O-Fluvia Poyatos,J/Mondariz 2000/EXT 2001 (43)}) 22. f4 Rd5 23. Bxa6 Ng4 24.
Bb5 Qd6 25. Bd3 c4 26. bxc4 Qc5+ 27. Kh1 Rh5 28. h3 Ne3 29. Be4 Nxf1 30. Rxf1
Rg3 {1/2-1/2 Grischuk,A-Ye Jiangchuan/Shanghai CHN 2001/(46)}) (18. f4 c4 $1
19. Kh1 Bxe5 20. fxe5 Qc5 21. Qe1 Qxe5 22. Bxc4 Rd6 23. Bd3 f5 24. Qh4 Rg4 25.
Qh5+ Kd8 {1/2-1/2 Marjanovic,S-Miladinovic,I/Chania 1999/EXT 2000 (34)}) 18...
Nxg3 (18... c4 19. Bxc4 Bxg3 20. hxg3 Qc5 21. Bd3 Nxg3 22. Qf3 $1 Ke7 23. Rfe1
Rg5 24. Rad1 {1/2-1/2 Shabalov,A-Lutz,C/Istanbul 2000/EXT 2001 (61)}) 19. fxg3
{Dieser Zug sieht unnatürlich aus, aber die f-Linie ist sehr wichtig für Weiß,
besonders bei der e8-Königsstellung.} Be5 (19... Ke7 20. Qd3 $14 Qf8 21. Qxh7
Qg7 22. Qh5 (22. Qxg7 Rxg7 $14) 22... f5 23. Qh4+ Qg5 24. Rad1 {1-0 Shabalov,
A-Macieja,B/Paget Parish 2001/CBM 81/[Ribli] (61)}) 20. Rb1 $146 {[%mdl 4] Die
Stellung ist sehr ungewöhnlich - die Bauernstruktur g2-g3-h2 ist sonderbar,
aber die f-Linie ist geöffnet und der weiße König ist in Sicherheit. Schwarz
hat eine starke Bauernmasse im Zentrum, aber seine Randbauern sind schwach.} (
20. Bh5 Bxa1 (20... Rg7 21. Rxf7 Rxf7 22. Bxf7+ Ke7 $1 (22... Kxf7 23. Qh5+ Kg8
24. Qxe5 $16) 23. c3 (23. Rb1 $2 Bd4+ $19) 23... Bxc3 24. Rc1 Bd4+ (24... Bg7
$13) 25. Qxd4 cxd4 26. Rxc8 Kxf7 27. Kf2 $11) 21. Qxa1 Kd8 22. Qf6+ Kc7 23.
Qe5+ Kb7 24. Rxf7 Qc7 25. Bf3+ Kb8 26. Qe4 $36 {1-0 Szczechowicz,B-Dobrowolski,
A/Barlinek CZE 2001/(44)}) 20... Ke7 $13 21. Bd3 Rg5 (21... f5 22. Qh5 Rg7 $13)
22. Qf3 Qg8 (22... f5 23. Rbe1 d6 $13) 23. Rbe1 Qg7 {Alles ist verteidigt in
der schwarzen Stellung, aber nach meiner persönlichen Meinung hat Weiss die
bessere Koordination.} 24. Kh1 Rd6 (24... Bc3 25. Re4 d5 26. Rh4 f5 {Wenn
Schwarz seine Bauern mobilisiert, wird seine Stellung gleichzeitig schwächer.}
27. Qe2 $14 {[%cal Ge2a6,Gd3f5]}) 25. Re4 {[%cal Ge4a4,Ge4h4] Der weiße Turm
steht aktiv auf der vierten Reihe - Schwarz muss mit 26.Ra4 oder 26.Rh4
rechnen.} f5 26. Rh4 $1 $14 (26. Ra4 Qh6 27. Rh4 Qg6 (27... Qg7)) 26... Rd4 (
26... Rb6 27. Qa8 $14) 27. Rxd4 cxd4 28. Re1 (28. Bxa6 $5 $16 {Schwarz steht
scheinbar aktiv am Königsflügel, aber es gibt dort nichts Konkretes.}) 28... a5
29. Bb5 (29. Qa8 Rh5 30. Kg1 (30. Qxa5 Qxg3 $19) 30... Bd6 $13) 29... d6 (29...
d5 30. Qe2 Kd6 31. Qd2 $16) (29... Bc7 $14) 30. Qa8 $1 {[%cal Ga8e8] Nun hängt
der a5P und Schwarz muss immer mit 31.Qe8+ rechnen.} Kf6 31. Qxa5 $16 {[%cal
Ga5d8][%mdl 1024] Weiß hat einen Bauern mehr, Schwarz hat keine Kompensation.}
Qe7 32. Qa8 {Weiss hat aktives Figurenspiel, seine Dame ist sehr wirksam.} Rh5
{Droht 33...Bxg3.} 33. Qf3 Rh6 34. a4 {[%csl Ga4] Der weiße a-Freibauer ist
noch weit entfernt vom Verwandlungsfeld, aber Schwarz hat keine Gegenchancen.}
Qg7 {Droht wieder 35...Bxg3, oder 35...Qxg3, aber Weiß kann das leicht
abwehren.} 35. Kg1 Qg5 36. Bd3 Rh5 $2 (36... Qd2 $8) 37. a5 $18 d5 (37... Qd2
38. Rxe5 dxe5 39. Qxh5 Qe1+ 40. Bf1 $18) 38. a6 Bb8 39. h3 {[%cal Rg3g4] Weiß
hat eine neue Drohung - 40.g4.} Ba7 (39... Qxg3 40. Qxg3 Bxg3 41. a7 $18) (
39... Bxg3 40. a7 $18) 40. g4 Qd2 41. Kf1 1-0